<?xml version="1.0" encoding="UTF-8"?>
<record
    xmlns:xsi="http://www.w3.org/2001/XMLSchema-instance"
    xsi:schemaLocation="http://www.loc.gov/MARC21/slim http://www.loc.gov/standards/marcxml/schema/MARC21slim.xsd"
    xmlns="http://www.loc.gov/MARC21/slim">

  <leader>00806nam a22001337a 4500</leader>
  <datafield tag="040" ind1=" " ind2=" ">
    <subfield code="c">RUA</subfield>
  </datafield>
  <datafield tag="082" ind1=" " ind2=" ">
    <subfield code="a">AGE MEY 2015 B509 Or.</subfield>
  </datafield>
  <datafield tag="100" ind1=" " ind2=" ">
    <subfield code="a">MEY PHEARA; &#x1798;&#x17B8;&#x17BB; &#x1797;&#x17B6;&#x179A;&#x17C9;&#x17B6;</subfield>
  </datafield>
  <datafield tag="245" ind1=" " ind2=" ">
    <subfield code="a">Effects of blanching temperature and drying methods on piper nigrum quality in kampot pepper promotion association, kampongtrach district, kampot province; &#x17A5;&#x1791;&#x17D2;&#x1792;&#x17B7;&#x1796;&#x179B;&#x1793;&#x17C3;&#x179F;&#x17B8;&#x178F;&#x17BB;&#x178E;&#x17D2;&#x17A0;&#x1797;&#x17B6;&#x1796;&#x179F;&#x17D2;&#x179A;&#x17BB;&#x179F; &#x1793;&#x17B7;&#x1784;&#x179C;&#x17B7;&#x1792;&#x17B8;&#x179F;&#x17B6;&#x179F;&#x17D2;&#x178F;&#x17D2;&#x179A;&#x179F;&#x1798;&#x17D2;&#x1784;&#x17BD;&#x178F;&#x1791;&#x17C5;&#x179B;&#x17BE;&#x1782;&#x17BB;&#x178E;&#x1797;&#x17B6;&#x1796;&#x1798;&#x17D2;&#x179A;&#x17C1;&#x1785;&#x1781;&#x17D2;&#x1798;&#x17C5;&#x1793;&#x17C5;&#x179F;&#x1798;&#x17B6;&#x1782;&#x1798;&#x179B;&#x17BE;&#x1780;&#x1780;&#x1798;&#x17D2;&#x1796;&#x179F;&#x17CB;&#x1798;&#x17D2;&#x179A;&#x17C1;&#x1785;&#x1780;&#x17C6;&#x1796;&#x178F; &#x1793;&#x17C5;&#x179F;&#x17D2;&#x179A;&#x17BB;&#x1780;&#x1780;&#x17C6;&#x1796;&#x1784;&#x17CB;&#x178F;&#x17D2;&#x179A;&#x17B6;&#x1785; &#x1781;&#x17C1;&#x178F;&#x17D2;&#x178F;&#x1780;&#x17C6;&#x1796;&#x178F;</subfield>
  </datafield>
  <datafield tag="260" ind1=" " ind2=" ">
    <subfield code="a">RUA</subfield>
    <subfield code="b">Phnom Penh</subfield>
    <subfield code="c">2015</subfield>
  </datafield>
  <datafield tag="300" ind1=" " ind2=" ">
    <subfield code="a">x; 49p.</subfield>
    <subfield code="b">ill.</subfield>
    <subfield code="c">29cm.</subfield>
  </datafield>
  <datafield tag="856" ind1=" " ind2=" ">
    <subfield code="u"> MEY PHEARA</subfield>
  </datafield>
  <datafield tag="942" ind1=" " ind2=" ">
    <subfield code="c">AGE</subfield>
  </datafield>
  <datafield tag="999" ind1=" " ind2=" ">
    <subfield code="c">9301</subfield>
    <subfield code="d">9301</subfield>
  </datafield>
  <datafield tag="952" ind1=" " ind2=" ">
    <subfield code="0">0</subfield>
    <subfield code="1">0</subfield>
    <subfield code="2">ddc</subfield>
    <subfield code="4">0</subfield>
    <subfield code="6">AGE_MEY_2015_000000000000000_B515_OR_1</subfield>
    <subfield code="7">0</subfield>
    <subfield code="9">51089</subfield>
    <subfield code="a">LBB</subfield>
    <subfield code="b">LBB</subfield>
    <subfield code="d">2016-08-30</subfield>
    <subfield code="o">AGE MEY 2015 B515 Or.1</subfield>
    <subfield code="p">RUA058979</subfield>
    <subfield code="r">2016-08-30</subfield>
    <subfield code="w">2016-08-30</subfield>
    <subfield code="y">AGE</subfield>
  </datafield>
  <datafield tag="952" ind1=" " ind2=" ">
    <subfield code="0">0</subfield>
    <subfield code="1">0</subfield>
    <subfield code="2">ddc</subfield>
    <subfield code="4">0</subfield>
    <subfield code="6">AGE_MEY_2015_000000000000000_B515_OR_2</subfield>
    <subfield code="7">0</subfield>
    <subfield code="9">51090</subfield>
    <subfield code="a">LBB</subfield>
    <subfield code="b">LBB</subfield>
    <subfield code="d">2016-08-30</subfield>
    <subfield code="l">1</subfield>
    <subfield code="o">AGE MEY 2015 B515 Or.2</subfield>
    <subfield code="p">RUA057061</subfield>
    <subfield code="r">2019-01-28</subfield>
    <subfield code="s">2019-01-26</subfield>
    <subfield code="w">2016-08-30</subfield>
    <subfield code="y">AGE</subfield>
  </datafield>
  <datafield tag="952" ind1=" " ind2=" ">
    <subfield code="0">0</subfield>
    <subfield code="1">0</subfield>
    <subfield code="2">ddc</subfield>
    <subfield code="4">0</subfield>
    <subfield code="6">AGE_MEY_2015_000000000000000_B515_OR_3</subfield>
    <subfield code="7">0</subfield>
    <subfield code="9">51091</subfield>
    <subfield code="a">LBB</subfield>
    <subfield code="b">LBB</subfield>
    <subfield code="d">2016-08-30</subfield>
    <subfield code="o">AGE MEY 2015 B515 Or.3</subfield>
    <subfield code="p">RUA062606</subfield>
    <subfield code="r">2016-08-30</subfield>
    <subfield code="w">2016-08-30</subfield>
    <subfield code="y">AGE</subfield>
  </datafield>
  <datafield tag="952" ind1=" " ind2=" ">
    <subfield code="0">0</subfield>
    <subfield code="1">0</subfield>
    <subfield code="2">ddc</subfield>
    <subfield code="4">0</subfield>
    <subfield code="6">AGE_MEY_2015_000000000000000_B515_OR_4</subfield>
    <subfield code="7">0</subfield>
    <subfield code="9">51092</subfield>
    <subfield code="a">LBB</subfield>
    <subfield code="b">LBB</subfield>
    <subfield code="d">2016-08-30</subfield>
    <subfield code="o">AGE MEY 2015 B515 Or.4</subfield>
    <subfield code="p">RUA062517</subfield>
    <subfield code="r">2016-08-30</subfield>
    <subfield code="w">2016-08-30</subfield>
    <subfield code="y">AGE</subfield>
  </datafield>
  <datafield tag="952" ind1=" " ind2=" ">
    <subfield code="0">0</subfield>
    <subfield code="1">0</subfield>
    <subfield code="2">ddc</subfield>
    <subfield code="4">0</subfield>
    <subfield code="6">AGE_MEY_2015_000000000000000_B515_OR_5</subfield>
    <subfield code="7">0</subfield>
    <subfield code="9">51094</subfield>
    <subfield code="a">LBB</subfield>
    <subfield code="b">LBB</subfield>
    <subfield code="d">2016-08-30</subfield>
    <subfield code="o">AGE MEY 2015 B515 Or.5</subfield>
    <subfield code="p">RUA057338</subfield>
    <subfield code="r">2016-08-30</subfield>
    <subfield code="w">2016-08-30</subfield>
    <subfield code="y">AGE</subfield>
  </datafield>
  <datafield tag="952" ind1=" " ind2=" ">
    <subfield code="0">0</subfield>
    <subfield code="1">0</subfield>
    <subfield code="2">ddc</subfield>
    <subfield code="4">0</subfield>
    <subfield code="6">AGE_MEY_2015_000000000000000_B515_OR_6</subfield>
    <subfield code="7">0</subfield>
    <subfield code="9">51095</subfield>
    <subfield code="a">LBB</subfield>
    <subfield code="b">LBB</subfield>
    <subfield code="d">2016-08-30</subfield>
    <subfield code="l">1</subfield>
    <subfield code="m">1</subfield>
    <subfield code="o">AGE MEY 2015 B515 Or.6</subfield>
    <subfield code="p">RUA062205</subfield>
    <subfield code="r">2017-08-07</subfield>
    <subfield code="s">2016-12-02</subfield>
    <subfield code="w">2016-08-30</subfield>
    <subfield code="y">AGE</subfield>
  </datafield>
</record>
